[Event "AUT-chT U18 rapid"]
[Site "Vienna"]
[Date "2023.10.29"]
[Round "6.1"]
[White "Marakovits, Nico"]
[Black "Hofstadler, Mario"]
[Result "1-0"]
[WhiteElo "2321"]
[BlackElo "2065"]
[PlyCount "65"]
[EventDate "2023.10.29"]
[EventType "team-swiss"]
[EventRounds "7"]
[EventCountry "AUT"]
[SourceTitle "Mega2024 Update 01"]
[Source "Chessbase"]
[SourceDate "2023.11.12"]
[SourceVersion "1"]
[SourceVersionDate "2023.11.12"]
[SourceQuality "1"]
[WhiteTeam "Steiermark U18"]
[BlackTeam "Oberoesterreich U18"]
[WhiteTeamCountry "AUT"]
[BlackTeamCountry "AUT"]

1. c4 Nf6 2. Nc3 d6 3. e4 g6 4. d4 Bg7 5. Nf3 0-0 6. Be2 Na6 7. 0-0 e5 8. Re1 exd4 9. Nxd4 Nc5 10. Bf3 a5 11. Nc2 Nfd7 12. Be3 Re8 13. Bd4 Bh6 14. b3 Ne6 15. Be3 Bg7 16. Qd2 Qf6 17. Nd5 Qd8 18. Rad1 Be5 19. g3 c6 20. Nf4 Ng5 21. Bg2 Qf6 22. h4 Ne6 23. Ne2 Nec5 24. f4 Bb2 25. Ncd4 Ba3 26. Nc3 Bb4 27. Bf2 Nf8 28. Qb2 Bg4 29. Rd2 a4 30. bxa4 Bxc3 31. Qxc3 Rxa4 32. e5 dxe5 33. Nb3 1-0

[Event "St Veit op 42nd"]
[Site "St Veit"]
[Date "2023.07.13"]
[Round "7"]
[White "Hofstadler, Mario"]
[Black "Hafner, Robert"]
[Result "1-0"]
[WhiteElo "2077"]
[BlackElo "1971"]
[PlyCount "77"]
[EventDate "2023.07.08"]
[EventType "swiss"]
[EventRounds "9"]
[EventCountry "AUT"]
[SourceTitle "CBM 215 Extra"]
[Source "ChessBase"]
[SourceDate "2023.09.30"]
[SourceVersion "1"]
[SourceVersionDate "2023.09.30"]
[SourceQuality "1"]

1. d4 d5 2. c4 c6 3. cxd5 cxd5 4. Bg5 Nf6 5. Bxf6 gxf6 6. Nc3 Nc6 7. e3 f5 8. Nge2 e6 9. Nf4 Bd6 10. Nd3 Bd7 11. Be2 0-0 12. 0-0 Qe7 13. f4 Be8 14. Rc1 Bd7 15. Nb5 Rfc8 16. Rf3 Nb4 17. Nc3 Nxd3 18. Bxd3 Rc7 19. Rf2 Rac8 20. Rfc2 Be8 21. g4 fxg4 22. Qxg4+ Kh8 23. Rg2 Qf8 24. f5 f6 25. fxe6 Rg7 26. Qh3 Rcc7 27. Rf1 Rxg2+ 28. Kxg2 Bc6 29. Kh1 Rg7 30. Ne2 a6 31. Nf4 Bxf4 32. Rxf4 Bb5 33. Bxb5 axb5 34. Qf1 Rg6 35. Qh3 Kg7 36. Rf1 Qb4 37. Qf3 Qd6 38. Qf5 Rg5 39. Qxf6+ 1-0

[Event "EU-ch U16 30th"]
[Site "Antalya"]
[Date "2022.11.10"]
[Round "5"]
[White "Hofstadler, Mario"]
[Black "Lamaze, Simon"]
[Result "0-1"]
[WhiteElo "2078"]
[BlackElo "2372"]
[PlyCount "52"]
[EventDate "2022.11.06"]
[EventType "swiss"]
[EventRounds "9"]
[EventCountry "TUR"]
[SourceTitle "EXT 2024"]
[Source "ChessBase"]
[SourceDate "2023.10.10"]
[SourceVersion "1"]
[SourceVersionDate "2023.10.10"]
[SourceQuality "1"]

1. d4 Nf6 2. c4 e6 3. g3 d5 4. Bg2 dxc4 5. Nf3 a6 6. 0-0 Nc6 7. Qd2 Rb8 8. Ne5 Nxe5 9. dxe5 Nd7 10. Rd1 Be7 11. Qf4 0-0 12. Nc3 c5 13. a4 Qc7 14. Qxc4 Nxe5 15. Bf4 g5 16. Bxe5 Qxe5 17. a5 b5 18. axb6 Rxb6 19. Na4 Rb4 20. Qc2 c4 21. e3 a5 22. Rd4 Ba6 23. g4 Rc8 24. Rc1 Bf6 25. Rd7 Bb5 26. Nb6 Rxb2 0-1

[Event "St Veit op 41st"]
[Site "St Veit"]
[Date "2022.07.16"]
[Round "9"]
[White "Bajorski, Marius"]
[Black "Hofstadler, Mario"]
[Result "1/2-1/2"]
[WhiteElo "1870"]
[BlackElo "2123"]
[PlyCount "30"]
[EventDate "2022.07.09"]
[EventType "swiss"]
[EventRounds "9"]
[EventCountry "AUT"]
[SourceTitle "CBM 209 Extra"]
[Source "ChessBase"]
[SourceDate "2022.09.30"]
[SourceVersion "1"]
[SourceVersionDate "2022.09.30"]
[SourceQuality "1"]

1. e4 c6 2. d4 d5 3. exd5 cxd5 4. Bd3 Nc6 5. c3 Nf6 6. Bf4 Bg4 7. Qb3 e5 8. Qxb7 exf4 9. Bb5 Rb8 10. Bxc6+ Nd7 11. Bxd7+ Bxd7 12. Qxd5 Rxb2 13. Nd2 Be7 14. Ngf3 Qc7 15. 0-0 0-0 1/2-1/2

[Event "St Veit op 41st"]
[Site "St Veit"]
[Date "2022.07.10"]
[Round "3"]
[White "Burbach, Brunel Baron"]
[Black "Hofstadler, Mario"]
[Result "0-1"]
[WhiteElo "1820"]
[BlackElo "2123"]
[PlyCount "120"]
[EventDate "2022.07.09"]
[EventType "swiss"]
[EventRounds "9"]
[EventCountry "AUT"]
[SourceTitle "CBM 209 Extra"]
[Source "ChessBase"]
[SourceDate "2022.09.30"]
[SourceVersion "1"]
[SourceVersionDate "2022.09.30"]
[SourceQuality "1"]

1. e4 c6 2. d4 d5 3. exd5 cxd5 4. Bd3 Nc6 5. c3 Nf6 6. Bf4 Bg4 7. Qb3 Qc8 8. Nd2 e6 9. Ngf3 Be7 10. 0-0 Bh5 11. Rae1 0-0 12. Qc2 Bg6 13. Bxg6 hxg6 14. Qd3 a6 15. Ng5 Nh7 16. Nxh7 Kxh7 17. Re3 Rh8 18. Rfe1 Qd8 19. Rh3+ Kg8 20. Ree3 Rxh3 21. Rxh3 Bf6 22. Qg3 Rc8 23. Nf3 Ne7 24. Bg5 Nf5 25. Qf4 Qc7 26. g4 Bxg5 27. Qxg5 Nh6 28. Ne5 Qd8 29. Qxd8+ Rxd8 30. Rg3 g5 31. h3 f6 32. Nd3 b6 33. Re3 Kf7 34. f4 gxf4 35. Nxf4 Rd6 36. Kg2 Ng8 37. Kf3 g5 38. Ng2 Ne7 39. h4 gxh4 40. Nxh4 Rd8 41. Kg3 Nc8 42. Re2 Nd6 43. Rh2 Rh8 44. Nf3 Rxh2 45. Nxh2 Nc4 46. b3 Nd6 47. Kf4 Nb5 48. c4 Nxd4 49. cxd5 exd5 50. Ke3 Nc6 51. Nf1 Ke6 52. Kf4 a5 53. Nd2 Nb4 54. a3 Nc2 55. a4 Nd4 56. Ke3 Nc6 57. Nf3 Kd6 58. g5 fxg5 59. Nxg5 Kc5 60. Nf3 Kb4 0-1

[Event "Ceske Budejovice op-A"]
[Site "Ceske Budejovice"]
[Date "2022.07.06"]
[Round "6"]
[White "Hofstadler, Mario"]
[Black "Zezula, Jakub"]
[Result "1/2-1/2"]
[WhiteElo "2123"]
[BlackElo "1831"]
[PlyCount "39"]
[EventDate "2022.07.01"]
[EventType "swiss"]
[EventRounds "9"]
[EventCountry "CZE"]
[SourceTitle "CBM 209 Extra"]
[Source "ChessBase"]
[SourceDate "2022.09.30"]
[SourceVersion "1"]
[SourceVersionDate "2022.09.30"]
[SourceQuality "1"]

1. Nf3 d5 2. g3 Nf6 3. Bg2 c6 4. c4 e6 5. d4 Be7 6. 0-0 0-0 7. Qc2 Nbd7 8. Nbd2 b6 9. e4 dxe4 10. Nxe4 Bb7 11. Nxf6+ Nxf6 12. Rd1 Qc8 13. c5 bxc5 14. dxc5 h6 15. Bf4 Nd5 16. Nd2 Nxf4 17. gxf4 Qc7 18. Nf3 Rad8 19. Ne5 Bf6 20. Qc3 1/2-1/2

[Event "Ceske Budejovice op-A"]
[Site "Ceske Budejovice"]
[Date "2022.07.04"]
[Round "4"]
[White "Hofstadler, Mario"]
[Black "Slaby, Matej"]
[Result "1/2-1/2"]
[WhiteElo "2123"]
[BlackElo "1796"]
[PlyCount "52"]
[EventDate "2022.07.01"]
[EventType "swiss"]
[EventRounds "9"]
[EventCountry "CZE"]
[SourceTitle "CBM 209 Extra"]
[Source "ChessBase"]
[SourceDate "2022.09.30"]
[SourceVersion "1"]
[SourceVersionDate "2022.09.30"]
[SourceQuality "1"]

1. d4 Nf6 2. Nf3 e6 3. c4 d5 4. g3 dxc4 5. Bg2 c5 6. 0-0 Nc6 7. dxc5 Qxd1 8. Rxd1 Bxc5 9. Nbd2 c3 10. bxc3 0-0 11. Nb3 Be7 12. Bf4 Nd5 13. Rac1 Bf6 14. Nfd4 Nxd4 15. cxd4 b6 16. Bd2 Be7 17. e4 Nf6 18. Bg5 Ba3 19. Rc7 Ne8 20. Rc2 Ba6 21. Bc1 Be7 22. Bb2 Nf6 23. d5 exd5 24. e5 Ne8 25. Rxd5 Rc8 26. Rcd2 Bb4 1/2-1/2

[Event "Ceske Budejovice op-A"]
[Site "Ceske Budejovice"]
[Date "2022.07.01"]
[Round "1"]
[White "Rosol, Philip"]
[Black "Hofstadler, Mario"]
[Result "0-1"]
[WhiteElo "1741"]
[BlackElo "2123"]
[PlyCount "42"]
[EventDate "2022.07.01"]
[EventType "swiss"]
[EventRounds "9"]
[EventCountry "CZE"]
[SourceTitle "CBM 209 Extra"]
[Source "ChessBase"]
[SourceDate "2022.09.30"]
[SourceVersion "1"]
[SourceVersionDate "2022.09.30"]
[SourceQuality "1"]

1. d4 Nf6 2. c4 c5 3. d5 b5 4. cxb5 a6 5. b6 d6 6. Nc3 Nbd7 7. e4 g6 8. Nf3 Bg7 9. Bd3 0-0 10. 0-0 Qxb6 11. Nd2 Ne5 12. Be2 g5 13. Nc4 Nxc4 14. Bxc4 Nd7 15. Qe2 h6 16. f4 gxf4 17. Rxf4 Ne5 18. Rg4 Qb4 19. Rh4 Ng6 20. Rh5 Bg4 21. Kh1 Ne5 0-1

[Event "AUT-ch U16"]
[Site "St Veit"]
[Date "2022.04.14"]
[Round "7"]
[White "Hofstadler, Mario"]
[Black "Marakovits, Nico"]
[Result "0-1"]
[WhiteElo "2090"]
[BlackElo "2254"]
[PlyCount "58"]
[EventDate "2022.04.10"]
[EventType "swiss"]
[EventRounds "7"]
[EventCountry "AUT"]
[SourceTitle "EXT 2023"]
[Source "ChessBase"]
[SourceDate "2022.10.05"]
[SourceVersion "1"]
[SourceVersionDate "2022.10.05"]
[SourceQuality "1"]

1. d4 Nf6 2. c4 e6 3. g3 d5 4. Nf3 dxc4 5. Bg2 Bd7 6. Ne5 Bc6 7. Nxc6 Nxc6 8. e3 Qd7 9. 0-0 0-0-0 10. Qa4 Nd5 11. Qxc4 h5 12. Nc3 h4 13. a3 f5 14. Qd3 g5 15. e4 Nxc3 16. bxc3 hxg3 17. hxg3 Qh7 18. Re1 f4 19. Qf3 e5 20. d5 Na5 21. g4 Bc5 22. Rb1 Rd6 23. Rb5 b6 24. Rxc5 bxc5 25. c4 Rb6 26. Qe2 Nb3 27. Bb2 Qe7 28. Qc2 Qf6 29. Bc3 f3 0-1

[Event "AUT-ch U16"]
[Site "St Veit"]
[Date "2022.04.10"]
[Round "2"]
[White "Hofstadler, Mario"]
[Black "Zaytsev, Alexander"]
[Result "1-0"]
[WhiteElo "2090"]
[BlackElo "1913"]
[PlyCount "241"]
[EventDate "2022.04.10"]
[EventType "swiss"]
[EventRounds "7"]
[EventCountry "AUT"]
[SourceTitle "EXT 2023"]
[Source "ChessBase"]
[SourceDate "2022.10.05"]
[SourceVersion "1"]
[SourceVersionDate "2022.10.05"]
[SourceQuality "1"]

1. d4 d5 2. c4 c6 3. Nf3 Nf6 4. Nc3 e6 5. g3 dxc4 6. a4 Nbd7 7. Bg2 Bb4 8. 0-0 0-0 9. Qc2 Qe7 10. Na2 Bd6 11. Qxc4 e5 12. Qc2 exd4 13. Nxd4 Nb6 14. Nc3 Bc5 15. Nf5 Bxf5 16. Qxf5 h6 17. a5 Nbd5 18. Nxd5 Nxd5 19. Be4 Nf6 20. Bd3 Bd6 21. a6 b6 22. Ra4 Qe5 23. Qf3 Qd5 24. Qxd5 Nxd5 25. Rd1 Be5 26. Be4 Rad8 27. Rc4 Rc8 28. Bxd5 cxd5 29. Rxc8 Rxc8 30. Be3 Bxb2 31. Rxd5 Rc7 32. Rd8+ Kh7 33. Bf4 Re7 34. Kf1 Ba3 35. Rb8 Kg6 36. Rb7 Re6 37. Rxa7 b5 38. Be3 Rc6 39. Ra8 Bc5 40. Bxc5 Rxc5 41. Rb8 Rc1+ 42. Kg2 Ra1 43. Rb6+ Kh7 44. Rb7 Kg6 45. Rb6+ Kh7 46. Kf3 b4 47. Ke3 b3 48. h4 b2 49. Rxb2 Rxa6 50. h5 g6 51. hxg6+ Kxg6 52. Kf4 Rf6+ 53. Ke3 Ra6 54. Rb4 Ra3+ 55. Kf4 Ra2 56. Re4 Rb2 57. f3 Ra2 58. g4 Rb2 59. Re5 Rb4+ 60. e4 Ra4 61. Re8 Rb4 62. Ra8 Rc4 63. Rb8 Ra4 64. Kg3 Ra6 65. Rg8+ Kh7 66. Rc8 Kg6 67. Kf4 Ra4 68. Rd8 Rb4 69. Ke5 Rb5+ 70. Kf4 Rb4 71. Rd6+ Kg7 72. Kf5 Rb5+ 73. e5 Rb3 74. Kf4 Rb4+ 75. Kf5 Rb3 76. f4 Rb5 77. Ke4 Rb4+ 78. Kf5 Rb5 79. Ke4 Rb4+ 80. Rd4 Rb6 81. Rd5 Rb4+ 82. Kf5 Rb6 83. Rd6 Rb4 84. e6 Rb5+ 85. Ke4 Rb4+ 86. Kf3 Rb3+ 87. Kf2 Rb2+ 88. Kg3 Rb3+ 89. Kh4 fxe6 90. Rxe6 Rb1 91. Kg3 Rb3+ 92. Kf2 Ra3 93. Re3 Ra4 94. Kf3 Kf6 95. Rd3 Rb4 96. Rd6+ Kg7 97. Ke3 Ra4 98. Rd4 Ra3+ 99. Ke4 Ra5 100. Rd5 Ra6 101. Ke5 Ra4 102. Rd7+ Kg8 103. Kf5 Ra5+ 104. Ke6 Ra4 105. f5 Rxg4 106. Rd8+ Kh7 107. f6 Re4+ 108. Kf5 Re1 109. f7 Rf1+ 110. Ke6 Re1+ 111. Kd6 Rd1+ 112. Kc7 Rc1+ 113. Kb6 Rb1+ 114. Kc5 Rc1+ 115. Kb4 Rb1+ 116. Kc3 Rc1+ 117. Kb2 Rf1 118. f8Q Rxf8 119. Rxf8 h5 120. Kc2 Kg6 121. Kd2 1-0

[Event "AUT-ch U16"]
[Site "St Veit"]
[Date "2021.10.27"]
[Round "4.3"]
[White "Hofstadler, Mario"]
[Black "Tumanyan, Gor"]
[Result "1-0"]
[WhiteElo "2056"]
[BlackElo "1812"]
[PlyCount "105"]
[EventDate "2021.10.25"]
[EventType "swiss"]
[EventRounds "7"]
[EventCountry "AUT"]
[SourceTitle "EXT 2023"]
[Source "ChessBase"]
[SourceDate "2022.10.05"]
[SourceVersion "1"]
[SourceVersionDate "2022.10.05"]
[SourceQuality "1"]

1. d4 Nf6 2. c4 c5 3. d5 e6 4. Nc3 exd5 5. cxd5 d6 6. g3 g6 7. Bg2 Bg7 8. Nf3 0-0 9. 0-0 a6 10. a4 Re8 11. Nd2 Nbd7 12. h3 Rb8 13. Nc4 Ne5 14. Na3 Nh5 15. Kh2 f5 16. f4 Nf7 17. Nc4 b5 18. axb5 axb5 19. Na5 b4 20. Nc6 bxc3 21. Nxd8 cxb2 22. Bxb2 Rxb2 23. Ne6 Bxe6 24. dxe6 Rxe6 25. Ra8+ Bf8 26. Bf3 Nf6 27. Qc1 Rb4 28. Rd1 Ne4 29. Qa3 g5 30. Qa6 Rf6 31. Qc8 Nh8 32. Qd8 Kg7 33. Rda1 Rf7 34. fxg5 Ng6 35. R1a7 Rbb7 36. Rxb7 Rxb7 37. h4 Rf7 38. g4 Nxh4 39. gxf5 Nxf3+ 40. exf3 Nd2 41. Kg3 Nc4 42. f4 Ne3 43. f6+ Kg6 44. Qe8 Nf5+ 45. Kg4 h5+ 46. Kf3 d5 47. Qe5 d4 48. Ke4 Ng3+ 49. Kd5 Rd7+ 50. Kc6 Rf7 51. Rd8 Nf5 52. Qb8 Bd6 53. Rg8+ 1-0

[Event "AUT-ch U16"]
[Site "St Veit"]
[Date "2021.10.27"]
[Round "5.2"]
[White "Miazhynski, Michael"]
[Black "Hofstadler, Mario"]
[Result "0-1"]
[WhiteElo "1944"]
[BlackElo "2056"]
[PlyCount "82"]
[EventDate "2021.10.25"]
[EventType "swiss"]
[EventRounds "7"]
[EventCountry "AUT"]
[SourceTitle "EXT 2023"]
[Source "ChessBase"]
[SourceDate "2022.10.05"]
[SourceVersion "1"]
[SourceVersionDate "2022.10.05"]
[SourceQuality "1"]

1. e4 c6 2. d4 d5 3. exd5 cxd5 4. c4 Nf6 5. Nc3 Nc6 6. Nf3 Be6 7. c5 g6 8. Bb5 Bg7 9. 0-0 0-0 10. Bxc6 bxc6 11. h3 Qc7 12. Re1 Bf5 13. Nh4 Ne4 14. g4 Nxc3 15. bxc3 Bc8 16. f4 Ba6 17. Be3 Bc4 18. Nf3 Qa5 19. Qc2 Qa6 20. Bf2 Rfe8 21. Re3 Rab8 22. Nd2 Rb7 23. Nxc4 Qxc4 24. Rb1 Reb8 25. Rxb7 Rxb7 26. Re1 Qb5 27. a4 Qa6 28. Bh4 Bf8 29. Kf2 Qc4 30. Kg1 Rb3 31. Bxe7 Bxe7 32. Rxe7 Rxc3 33. Qf2 Rc1+ 34. Re1 Rxe1+ 35. Qxe1 Qxd4+ 36. Kh2 Qxf4+ 37. Kg1 Qe4 38. Qa5 d4 39. Qxa7 d3 40. a5 Qd4+ 41. Kg2 d2 0-1

[Event "Ceske Budejovice op"]
[Site "Ceske Budejovice"]
[Date "2021.07.08"]
[Round "8"]
[White "Hofstadler, Mario"]
[Black "Lang, Simon"]
[Result "1-0"]
[WhiteElo "1943"]
[BlackElo "1757"]
[PlyCount "149"]
[EventDate "2021.07.01"]
[EventType "swiss"]
[EventRounds "9"]
[EventCountry "CZE"]
[SourceTitle "CBM 203 Extra"]
[Source "ChessBase"]
[SourceDate "2021.09.30"]
[SourceVersion "1"]
[SourceVersionDate "2021.09.30"]
[SourceQuality "1"]

1. d4 d5 2. c4 e6 3. Nf3 Nf6 4. g3 Be7 5. Bg2 0-0 6. 0-0 b6 7. Ne5 Bb7 8. Nc3 Nbd7 9. Bf4 c5 10. cxd5 Nxe5 11. d6 Bxg2 12. dxe5 Bxf1 13. dxe7 Qxe7 14. exf6 Qxf6 15. Qxf1 Rfd8 16. Rd1 Rxd1 17. Qxd1 Rd8 18. Qa4 Qe7 19. Be3 Qb7 20. Qc4 Qc6 21. a4 h6 22. h4 Qb7 23. Qb3 Qc6 24. Qc4 Qb7 25. Kh2 Kh8 26. Qb3 Qc6 27. Qc4 Qb7 28. f3 Kg8 29. Kg2 Kh8 30. Qb3 Qc6 31. Qc4 Qb7 32. Qf4 Kg8 33. Qg4 Kh8 34. Kf2 Qc6 35. Qc4 Qb7 36. Qb5 a6 37. Qb3 Qc6 38. Qc4 Qb7 39. Qb3 Qc6 40. Ne4 Rb8 41. Nxc5 b5 42. a5 Rd8 43. Nd3 Rc8 44. Bb6 Qd7 45. Nc5 Qd4+ 46. Qe3 Qxb2 47. Qe4 b4 48. Nd3 Qc2 49. Qxb4 Qc6 50. Qc5 Qd7 51. Qd4 Qb5 52. Qb4 Qd5 53. Qe4 Qb5 54. Qb4 Qd5 55. Nc5 Ra8 56. Qe4 Qxe4 57. Nxe4 Kg8 58. Ke3 Kf8 59. Bc5+ Ke8 60. Nd6+ Ke7 61. Nf5+ Kf6 62. Nd6 Ke7 63. Nf5+ Kf6 64. Nd4 Ke5 65. Bb6 Kd5 66. Kd3 g6 67. e4+ Kd6 68. Nc2 Kc6 69. Kc4 Kd6 70. Nb4 f5 71. Bc5+ Kd7 72. Kd4 fxe4 73. fxe4 Rd8 74. Ke5 Ra8 75. Kf6 1-0

[Event "Ceske Budejovice op"]
[Site "Ceske Budejovice"]
[Date "2021.07.04"]
[Round "4"]
[White "Hofstadler, Mario"]
[Black "Vojtek, Pavel"]
[Result "0-1"]
[WhiteElo "1943"]
[BlackElo "1511"]
[PlyCount "84"]
[EventDate "2021.07.01"]
[EventType "swiss"]
[EventRounds "9"]
[EventCountry "CZE"]
[SourceTitle "CBM 203 Extra"]
[Source "ChessBase"]
[SourceDate "2021.09.30"]
[SourceVersion "1"]
[SourceVersionDate "2021.09.30"]
[SourceQuality "1"]

1. d4 d6 2. c4 g6 3. g3 Bg7 4. Nc3 Nf6 5. Bg2 0-0 6. Nf3 Nbd7 7. 0-0 e5 8. e4 Ne8 9. Bg5 f6 10. Be3 Kh8 11. Qd2 exd4 12. Bxd4 Ne5 13. b3 Nc6 14. Be3 f5 15. Rad1 fxe4 16. Nxe4 Bf5 17. Neg5 h6 18. Nh3 Bxh3 19. Bxh3 Rxf3 20. Bxh6 Rf8 21. Bg5 Nf6 22. Qf4 Nh5 23. Qh4 Bf6 24. f4 Bxg5 25. fxg5 Qe7 26. g4 Qe3+ 27. Kh1 Rxf1+ 28. Rxf1 Qd4 29. Qe1 Ng7 30. Qh4+ Kg8 31. Bg2 Ne7 32. Bxb7 Rf8 33. Rxf8+ Kxf8 34. Qh8+ Ng8 35. Qh4 Qa1+ 36. Kg2 Qxa2+ 37. Kh1 Qb1+ 38. Kg2 Qc2+ 39. Kg1 Qd1+ 40. Kg2 Qe2+ 41. Kg1 Qe3+ 42. Kg2 Ne6 0-1

[Event "AUT-ch Rapid"]
[Site "Graz"]
[Date "2021.06.04"]
[Round "3"]
[White "Hofstadler, Mario"]
[Black "Enoeckl, Philipp"]
[Result "0-1"]
[WhiteElo "1943"]
[BlackElo "2284"]
[PlyCount "56"]
[EventDate "2021.06.04"]
[EventType "swiss (rapid)"]
[EventRounds "9"]
[EventCountry "AUT"]
[SourceTitle "CBM 202 Extra"]
[Source "ChessBase"]
[SourceDate "2021.07.31"]
[SourceVersion "1"]
[SourceVersionDate "2021.07.31"]
[SourceQuality "1"]

1. d4 Nf6 2. c4 g6 3. g3 Bg7 4. Bg2 0-0 5. Nf3 d6 6. Nc3 Nc6 7. 0-0 a6 8. e4 Bg4 9. h3 Bxf3 10. Bxf3 Nd7 11. Be3 e5 12. d5 Nd4 13. Bg2 c5 14. dxc6 bxc6 15. Qd2 a5 16. Na4 Nb6 17. Nxb6 Qxb6 18. Bxd4 exd4 19. b3 Rfb8 20. Rab1 Qc5 21. Rfc1 Ra6 22. a4 Rab6 23. Qd3 Qa3 24. Ra1 Qxb3 25. Qd2 Qb4 26. Qf4 Qc5 27. h4 h5 28. Bh3 Rb2 0-1

[Event "AUT-ch U14 Online Rapid"]
[Site "Playchess.com INT"]
[Date "2020.12.13"]
[Round "5"]
[White "Hofstadler, Mario"]
[Black "Kuti, Oliver"]
[Result "1/2-1/2"]
[WhiteElo "1789"]
[BlackElo "1708"]
[PlyCount "80"]
[EventDate "2020.12.13"]
[EventType "swiss (rapid)"]
[EventRounds "7"]
[EventCountry "AUT"]
[SourceTitle "EXT 2022"]
[Source "ChessBase"]
[SourceDate "2021.10.06"]
[SourceVersion "1"]
[SourceVersionDate "2021.10.06"]
[SourceQuality "1"]

1. d4 Nf6 2. Bg5 Ne4 3. Bf4 d5 4. Nd2 Nxd2 5. Qxd2 e6 6. e3 Bd6 7. Bxd6 Qxd6 8. Nf3 0-0 9. Bd3 b6 10. c3 Ba6 11. Bxa6 Nxa6 12. Qd3 Nb8 13. 0-0 c5 14. Rfe1 Nd7 15. Rad1 Nf6 16. Ne5 Nd7 17. Nxd7 Qxd7 18. e4 Rfd8 19. Re2 Rac8 20. dxc5 bxc5 21. Red2 d4 22. f4 Qb7 23. Qe2 Qb6 24. Qf2 dxc3 25. Rxd8+ Rxd8 26. Rxd8+ Qxd8 27. bxc3 Qb6 28. Qd2 g6 29. e5 Kf8 30. Kf2 Ke7 31. Kf3 Qc6+ 32. Ke3 h5 33. h3 Qb7 34. Kd3 Qd5+ 35. Ke3 Qxd2+ 36. Kxd2 Kd7 37. c4 Kc6 38. Kc3 a5 39. a4 Kd7 40. Kd3 Ke7 1/2-1/2

[Event "AUT-chT District U18 Online Rapid"]
[Site "Playchess.com INT"]
[Date "2020.12.12"]
[Round "4"]
[White "Hofstadler, Mario"]
[Black "Kristoferitsch, Daniel"]
[Result "1/2-1/2"]
[WhiteElo "1731"]
[BlackElo "1857"]
[PlyCount "55"]
[EventDate "2020.12.12"]
[EventType "team-swiss (rapid)"]
[EventRounds "9"]
[EventCountry "AUT"]
[SourceTitle "EXT 2022"]
[Source "ChessBase"]
[SourceDate "2021.10.06"]
[SourceVersion "1"]
[SourceVersionDate "2021.10.06"]
[SourceQuality "1"]

1. d4 Nf6 2. Bg5 e6 3. e4 h6 4. Bxf6 Qxf6 5. Nf3 d6 6. c3 g6 7. Bd3 Qe7 8. Nbd2 Bg7 9. 0-0 0-0 10. Re1 e5 11. Nf1 Bg4 12. h3 Bxf3 13. Qxf3 exd4 14. cxd4 Bxd4 15. Ne3 c6 16. Qg3 Bg7 17. Nc4 Be5 18. f4 Bd4+ 19. Kh1 b5 20. Ne3 Bxe3 21. Qxe3 Nd7 22. e5 dxe5 23. fxe5 Kg7 24. e6 Qxe6 25. Qxe6 fxe6 26. Rxe6 Rf6 27. Re7+ Rf7 28. Re6 1/2-1/2

[Event "AUT-chT District U18 Online Rapid"]
[Site "Playchess.com INT"]
[Date "2020.12.12"]
[Round "3"]
[White "Lerch, Johannes"]
[Black "Hofstadler, Mario"]
[Result "1/2-1/2"]
[WhiteElo "1776"]
[BlackElo "1729"]
[PlyCount "237"]
[EventDate "2020.12.12"]
[EventType "team-swiss (rapid)"]
[EventRounds "9"]
[EventCountry "AUT"]
[SourceTitle "EXT 2022"]
[Source "ChessBase"]
[SourceDate "2021.10.06"]
[SourceVersion "1"]
[SourceVersionDate "2021.10.06"]
[SourceQuality "1"]

1. b3 d5 2. Bb2 Bf5 3. e3 e6 4. Nf3 Nf6 5. d4 Be7 6. Bd3 Bxd3 7. Qxd3 0-0 8. 0-0 Nbd7 9. c4 c6 10. Nc3 Bd6 11. Rad1 Qe7 12. Rfe1 Rad8 13. c5 Bb8 14. b4 a6 15. a4 e5 16. e4 dxe4 17. Nxe4 Nxe4 18. Qxe4 f5 19. Qc2 e4 20. Qb3+ Kh8 21. d5 cxd5 22. Rxd5 Nf6 23. Rxd8 Rxd8 24. Ng5 Rd7 25. Qe6 Qxe6 26. Nxe6 Re7 27. Nd4 Rd7 28. Nxf5 Rd2 29. Bxf6 gxf6 30. g3 Kg8 31. Rxe4 Be5 32. b5 axb5 33. axb5 Rb2 34. b6 Rc2 35. Nd6 Rxc5 36. Nxb7 Rb5 37. Nd8 Rxb6 38. f4 Bc3 39. Ne6 Kf7 40. f5 Be5 41. Kg2 Rb2+ 42. Kh3 Rf2 43. Nf4 Ra2 44. Rc4 Ra7 45. Ng2 Rd7 46. Nh4 Ra7 47. Re4 Ra2 48. Nf3 Bd6 49. Nd4 Be5 50. Ne6 Rf2 51. Nf4 Ra2 52. Rb4 Ra7 53. Ne6 Rd7 54. Rh4 Kg8 55. Rg4+ Kh8 56. Rc4 Kg8 57. Rc8+ Kf7 58. Rh8 Rd2 59. Rxh7+ Kg8 60. Rg7+ Kh8 61. Rg4 Kh7 62. Rc4 Kh6 63. Nf4 Ra2 64. Ne6 Rf2 65. Rc1 Rxf5 66. Kg4 Rf2 67. Nf4 Bxf4 68. gxf4 Rxh2 69. Kf5 Rf2 70. Rc4 Kg7 71. Rc7+ Kh6 72. Rf7 Rf1 73. Rxf6+ Kg7 74. Ra6 Kf7 75. Ra7+ Kf8 76. Ke5 Rf2 77. f5 Rf1 78. Kf6 Kg8 79. Ra8+ Kh7 80. Ke6 Kg7 81. Ra7+ Kf8 82. Kf6 Kg8 83. Rg7+ Kf8 84. Rg2 Rf3 85. Kg6 Ra3 86. Rg1 Rf3 87. Rb1 Ke7 88. Rb7+ Kf8 89. Rb8+ Ke7 90. Rb7+ Kf8 91. Kf6 Kg8 92. Rb5 Rf1 93. Re5 Kf8 94. Ke6 Ra1 95. Re2 Ra6+ 96. Ke5 Kf7 97. Rb2 Ra5+ 98. Kf4 Kf6 99. Rb6+ Kf7 100. Kg5 Ra1 101. Rb7+ Kf8 102. Kf6 Ra6+ 103. Kg5 Ra1 104. Kg6 Rf1 105. Rb8+ Ke7 106. Rb7+ Kf8 107. Kf6 Kg8 108. Rb8+ Kh7 109. Ke6 Kg7 110. Rb7+ Kf8 111. Rf7+ Ke8 112. Rh7 Kf8 113. Kf6 Kg8 114. Ra7 Rf2 115. Kg6 Rg2+ 116. Kf6 Rf2 117. Ra8+ Kh7 118. Ke6 Kg7 119. Ra7+ 1/2-1/2

[Event "AUT-ch U14 Online Blitz"]
[Site "Playchess.com INT"]
[Date "2020.12.11"]
[Round "3"]
[White "Lerch, Johannes"]
[Black "Hofstadler, Mario"]
[Result "1/2-1/2"]
[WhiteElo "1826"]
[BlackElo "1766"]
[PlyCount "43"]
[EventDate "2020.12.11"]
[EventType "swiss (blitz)"]
[EventRounds "7"]
[EventCountry "AUT"]
[SourceTitle "EXT 2022"]
[Source "ChessBase"]
[SourceDate "2021.10.06"]
[SourceVersion "1"]
[SourceVersionDate "2021.10.06"]
[SourceQuality "1"]

1. d4 Nf6 2. Bf4 c5 3. e3 cxd4 4. exd4 d5 5. c3 Nc6 6. Bd3 Bg4 7. f3 Bh5 8. Ne2 e6 9. 0-0 Be7 10. Nd2 Bg6 11. Nb3 0-0 12. Bxg6 hxg6 13. Re1 Na5 14. Nxa5 Qxa5 15. Qb3 b6 16. Nc1 Qa6 17. Qc2 Rac8 18. Qd3 Qxd3 19. Nxd3 Nd7 20. a4 Rc4 21. Bd2 Bd6 22. g3 1/2-1/2

[Event "Budapest FS08 Nadassy"]
[Site "Budapest"]
[Date "2020.08.10"]
[Round "9.6"]
[White "Kis, Bela"]
[Black "Hofstadler, Mario"]
[Result "0-1"]
[WhiteElo "1949"]
[BlackElo "1903"]
[PlyCount "88"]
[EventDate "2020.08.01"]
[EventType "team-schev"]
[EventRounds "14"]
[EventCountry "HUN"]
[SourceTitle "EXT 2021"]
[Source "ChessBase"]
[SourceDate "2020.10.23"]
[SourceVersion "1"]
[SourceVersionDate "2020.10.23"]
[SourceQuality "1"]
[WhiteTeam "Team 1"]
[BlackTeam "Team 2"]
[WhiteTeamCountry "HUN"]
[BlackTeamCountry "HUN"]

1. e4 c6 2. d4 d5 3. e5 Bf5 4. Nc3 e6 5. g4 Bg6 6. Nge2 c5 7. h4 h5 8. Nf4 Ne7 9. Nb5 Qb6 10. Nd6+ Kd7 11. gxh5 Bf5 12. Nxf7 Rg8 13. dxc5 Qxc5 14. Bd3 Nbc6 15. Bxf5 Nxf5 16. Nd3 Qc4 17. Rg1 Qe4+ 18. Qe2 Ncd4 19. Qxe4 dxe4 20. Nf4 Nxc2+ 21. Kd1 Nxa1 22. Bd2 Bc5 23. Re1 Bxf2 24. Rxe4 Bxh4 25. Bb4 Be7 26. Bc3 Rgf8 27. Nd6 Nxd6 28. exd6 Bf6 29. Bb4 Rfe8 30. Nd3 b6 31. Rf4 Rac8 32. h6 Rf8 33. Ke2 Nc2 34. Bd2 gxh6 35. Ra4 a5 36. Bf4 Nd4+ 37. Kd1 Nf5 38. b4 axb4 39. Ra7+ Kc6 40. Nxb4+ Kb5 41. Nd3 e5 42. d7 Ra8 43. a4+ Kc6 44. Nb4+ Kd6 0-1